Представление документа в формате RUSMARC

ПолеНазваниеЗначение
  Тип записи a
  Библиографический уровень a
001 Контрольный номер RU/CBS_UL/BASE/589985792
005 Дата корректировки 20240209175229.0
100 Данные общей обработки __
a Данные общей обработки 20180911d2018 ||| 0rusy0189 ca
101 Язык документа 0_
a Язык текста rus
102 Страна публикации __
a Страна публикации RU
105 Кодированные данные (монография) __
a Кодированные данные (монография) y###||||000|y
200 Заглавие и сведения об ответственности 1_
a Заглавие Стоимость свободы
b Общее обозначение материала Текст
e Сведения, относящиеся к заглавию [интервью с Е. Гришковец]
f Первые сведения об ответственности Е. Гришковец ; бесед.И. Свинаренко
300 Общие примечания __
a Общие примечания Ограничения по возрасту - 16+
461 Уровень набора _0
1 2000
a STORY. Необыкновенные судьбы необыкновенных людей
463 Уровень физической единицы _0
1 001RU/CBS_UL/BASE/589474386
1 2000
a № 9
v С. 122-127 : фото
1 210
d 2018
600 Персоналии _0
a Персоналии (Фамилия) Гришковец
b Персоналии (Имя, инициалы) Е. В.
606 Тематические рубрики 0_
a Основная рубрика Гришковец, Евгений Валерьевич (1967)
610 Ключевые слова 0_
a Ключевые слова писатели
a Ключевые слова драматурги
a Ключевые слова российские писатели
a Ключевые слова писатели российские
a Ключевые слова драматурги российские
a Ключевые слова российские драматурги
a Ключевые слова театральные режиссёры
a Ключевые слова режиссёры театральные
686 Индексы других классификаций __
a Классификационный индекс 83.3(2Рос=Рус)6
2 Код системы ББК
700 Автор _1
a Фамилия Гришковец
b Имя (инициалы) Е.
801 Источник записи _0
a Страна RU
b Организация МБУК ЦБС г. Ульяновска
c Дата составления 20180911
g Правила каталогизации RCR
801 Источник записи _1
a Страна RU
b Организация МБУК ЦБС г. Ульяновска
c Дата составления 20180911
g Правила каталогизации RCR
901 Тип документа __
t Тип документа b
w Контрольный № источника RU/CBS_UL/BASE/589474386
910 Корректоры записи __
a Корректор записи Библиотека 2
938 Служебная информация __
a Имя БД period